00326nam a2200133Ia 4500008004100000020001500041041001200056082001600068100002000084245004000104260002500144300000800169650001500177221030s9999 xx 000 0 und d a0074517155 aEnglish a105.23bKaz aS. M. A. Kazimi 0aSolid Mechanicscby S. M. A. Kazimi bTMHaNew Delhic1998 a450 aMechanical